Europa world year book 2006 (Record no. 5366)
[ view plain ]
| 000 -LEADER | |
|---|---|
| fixed length control field | 00599nam a2200169Ia 4500 |
| 020 ## - INTERNATIONAL STANDARD BOOK NUMBER | |
| ISBN | 1-85743-362-9 |
| 082 ## - DEWEY DECIMAL CLASSIFICATION NUMBER | |
| Classification number | RR 060.05 EUR- |
| 245 #0 - TITLE STATEMENT | |
| Title | Europa world year book 2006 |
| 250 ## - EDITION STATEMENT | |
| Edition statement | 47th |
| 260 ## - PUBLICATION, DISTRIBUTION, ETC. (IMPRINT) | |
| Place of publication | London |
| Name of publisher | Routledge |
| Year of publication | 2006 |
| 500 ## - GENERAL NOTE | |
| General note | contents: 2Vols. Vol.1. pt. 1.(International organizations), pt. 2. (Afghanistan-Jordan), (xv, 1-2491.) - v.2.(Kazakhstan-Zimbabwe), (xiv, 2492-4914) |
| 650 ## - SUBJECT ADDED ENTRY--TOPICAL TERM | |
| Topical Term | International agencies |
| Form subdivision | Periodicals |
| Geographic subdivision | 2006 |
| 650 ## - SUBJECT ADDED ENTRY--TOPICAL TERM | |
| Topical Term | International organization |
| Form subdivision | Periodicals |
| Geographic subdivision | 2006 |
| 650 ## - SUBJECT ADDED ENTRY--TOPICAL TERM | |
| Topical Term | Yearbooks |
| Form subdivision | Periodicals |
| Geographic subdivision | 2006 |
| 700 ## - ADDED ENTRY--PERSONAL NAME | |
| Personal name | Maher, Joanne |
| 942 ## - ADDED ENTRY ELEMENTS (KOHA) | |
| Koha item type | Books |
| Withdrawn status | Lost status | Damaged status | Not for loan | Home library | Current library | Date acquired | Source of acquisition | Bill Date | Full call number | Accession Number | Price effective from | Koha item type |
|---|---|---|---|---|---|---|---|---|---|---|---|---|
| NASSDOC Library | NASSDOC Library | 05/12/2006 | AAKAR | 2006-11-08 | RR 060.05 EUR- | 43092 | 18/04/2019 | Books | ||||
| NASSDOC Library | NASSDOC Library | 05/12/2006 | AAKAR | 2006-11-08 | RR 060.05 EUR- | 43093 | 18/04/2019 | Books |
